[Event "Aracaju op"]
[Site "Aracaju"]
[Date "2024.10.20"]
[Round "6"]
[White "De Holanda, Artur Lima Gusmao"]
[Black "Costa, Heitor Oliveira"]
[Result "0-1"]
[WhiteElo "1800"]
[BlackElo "1889"]
[PlyCount "58"]
[EventDate "2024.10.18"]
[EventType "swiss"]
[EventRounds "6"]
[EventCountry "BRA"]
[SourceTitle "CB44_2024"]
[Source "Chessbase"]
[SourceDate "2024.10.30"]
[SourceVersion "1"]
[SourceVersionDate "2024.10.30"]
[SourceQuality "1"]

1. e4 e6 2. d4 d5 3. e5 c5 4. c3 Nc6 5. Nf3 Qb6 6. Bd3 cxd4 7. 0-0 dxc3 8. Nxc3 Bd7 9. Na4 Qc7 10. Re1 Be7 11. Bf4 g6 12. Rc1 f5 13. Nc5 a6 14. Ng5 Bxg5 15. Bxg5 h6 16. Bh4 Bc8 17. g4 b6 18. Nb3 Bb7 19. gxf5 gxf5 20. Qh5+ Qf7 21. Qe2 Nge7 22. Kh1 Ng6 23. Bg3 Rg8 24. f3 f4 25. Bxg6 Qxg6 26. Bh4 Kd7 27. Rg1 Qh5 28. Qf2 Nxe5 29. Nd4 Nd3 0-1